[Event "FRA-chT U20 GpA 1213"]
[Site "France"]
[Date "2012.12.01"]
[Round "1"]
[White "Lagarde, Dimitri"]
[Black "Lavault, Samuel"]
[Result "0-1"]
[WhiteElo "1840"]
[BlackElo "1368"]
[PlyCount "68"]
[EventDate "2012.12.01"]
[EventType "team"]
[EventRounds "7"]
[EventCountry "FRA"]
[SourceTitle "EXT 2014"]
[Source "ChessBase"]
[SourceDate "2013.11.20"]
[SourceVersion "1"]
[SourceVersionDate "2013.11.20"]
[SourceQuality "1"]
[WhiteTeam "Cannes (U20)"]
[BlackTeam "Grenoble (U20)"]
[WhiteTeamCountry "FRA"]
[BlackTeamCountry "FRA"]

1. e4 c5 2. Nf3 d6 3. d4 cxd4 4. Nxd4 g6 5. c4 Bg7 6. Nc3 Nf6 7. Be2 Nc6 8. Nc2 0-0 9. 0-0 Bd7 10. Bd2 Rc8 11. Kh1 a6 12. f3 Ne8 13. Rc1 Nc7 14. f4 f5 15. exf5 Bxf5 16. Ne3 Nd4 17. Bf3 Nxf3 18. Qxf3 Rb8 19. Rfe1 Kh8 20. g4 Bd7 21. Qg3 Ne6 22. Ned5 Rf7 23. Re4 Nc5 24. Re2 e6 25. b4 exd5 26. bxc5 dxc4 27. cxd6 Bc6+ 28. Ne4 Bxe4+ 29. Rxe4 Qxd6 30. Be3 Rc8 31. Qg2 c3 32. Rc2 Rcc7 33. h3 Rce7 34. Rxe7 Rxe7 0-1

[Event "FRA-chT U20 1112"]
[Site "France"]
[Date "2011.12.19"]
[Round "7"]
[White "Lavault, Samuel"]
[Black "Sahki, Saphir"]
[Result "0-1"]
[WhiteElo "1510"]
[BlackElo "1583"]
[PlyCount "98"]
[EventDate "2011.12.03"]
[EventType "team-swiss"]
[EventRounds "7"]
[EventCountry "FRA"]
[SourceTitle "EXT 2013"]
[Source "ChessBase"]
[SourceDate "2012.11.22"]
[SourceVersion "1"]
[SourceVersionDate "2012.11.22"]
[SourceQuality "1"]

1. e4 e5 2. Nf3 Nc6 3. Bc4 Be7 4. Nc3 Nf6 5. d3 0-0 6. 0-0 d6 7. h3 Nd7 8. Be3 Nb6 9. Bb3 Be6 10. Qd2 Qd7 11. Bxe6 Qxe6 12. Rad1 Rfe8 13. Bg5 Bxg5 14. Qxg5 h6 15. Qe3 Nb4 16. Qd2 a6 17. a3 Nc6 18. Nh4 Nd4 19. Rc1 g5 20. Nf3 Nxf3+ 21. gxf3 Qxh3 22. Qe3 Kh7 23. Ne2 Nd7 24. Ng3 Nf6 25. d4 Rg8 26. Qb3 Raf8 27. dxe5 dxe5 28. Qc3 Nh5 29. Qxe5 Nf4 30. Qf5+ Qxf5 31. Nxf5 Ne2+ 32. Kg2 Nxc1 33. Rxc1 Rg6 34. c3 Rd8 35. Nd4 c5 36. Nf5 Re6 37. Kg3 Rd2 38. Rb1 Rb6 39. b3 Ra2 40. a4 Rxa4 41. Ne3 Ra3 42. b4 Rc6 43. Nd5 cxb4 44. cxb4 b5 45. Kg4 Ra2 46. Rd1 Rxf2 47. Rd3 Rd6 48. Kf5 Kg7 49. Nf4 Rxd3 0-1

[Event "FRA-chTA U20 1011"]
[Site "France"]
[Date "2010.11.21"]
[Round "2.7"]
[White "Hebert, Floriane"]
[Black "Lavault, Samuel"]
[Result "1/2-1/2"]
[WhiteElo "1419"]
[BlackElo "1520"]
[PlyCount "89"]
[EventDate "2010.11.21"]
[EventType "team-tourn"]
[EventRounds "7"]
[EventCountry "FRA"]
[SourceTitle "EXT 2012"]
[Source "ChessBase"]
[SourceDate "2011.11.24"]
[SourceVersion "1"]
[SourceVersionDate "2011.11.24"]
[SourceQuality "1"]
[WhiteTeam "Hyeres"]
[BlackTeam "Grenoble"]
[WhiteTeamCountry "FRA"]
[BlackTeamCountry "FRA"]

1. e4 c5 2. Nf3 Nc6 3. Nc3 d6 4. Bb5 Bd7 5. d3 Nf6 6. h3 g6 7. Bg5 Bg7 8. 0-0 0-0 9. Re1 Qc7 10. Qd2 Nd4 11. Nxd4 cxd4 12. Nd5 Nxd5 13. Bxd7 Qxd7 14. exd5 Rfe8 15. Qa5 a6 16. c3 dxc3 17. bxc3 Rac8 18. Rac1 Qf5 19. Bxe7 Qxd3 20. c4 Rxc4 21. Rxc4 Qxc4 22. Bxd6 Rxe1+ 23. Qxe1 Qc8 24. Qd2 Qd7 25. Bg3 b6 26. d6 b5 27. Kf1 Bf8 28. h4 h5 29. Qd5 b4 30. Qd1 Qb5+ 31. Kg1 Qd7 32. Bf4 a5 33. Qd4 a4 34. Qd3 b3 35. axb3 axb3 36. Qxb3 Bxd6 37. Bxd6 Qxd6 38. g3 Kg7 39. Kh2 Qd2 40. Qe3 Qxe3 41. fxe3 f5 42. Kg2 Kf6 43. Kf3 Ke5 44. Kf2 Ke4 45. Ke2 1/2-1/2